| Tag |
First Indicator |
Second Indicator |
Subfields |
| LEADER |
00000pam a2200000 i 4500 |
| 001 |
in00000066883 |
| 005 |
20151008050806.0 |
| 008 |
790522s1980 ck a b 00110 eng |
| 010 |
|
|
|a 79015650
|
| 020 |
|
|
|a 0070257353 :
|c $24.50
|
| 035 |
|
|
|a (OCoLC)05101489
|
| 035 |
|
|
|9 AAG3393AM
|
| 040 |
|
|
|a DLC
|c DLC
|d TXA
|d UtOrBLW
|
| 049 |
|
|
|a TXAM
|c [980977]
|
| 050 |
0 |
0 |
|a TL220
|b .H35
|
| 082 |
0 |
|
|a 388.34
|
| 100 |
1 |
|
|a Hamilton, William,
|d 1934-
|
| 245 |
1 |
0 |
|a Electric automobiles :
|b energy, environmental, and economic prospects for the future /
|c William Hamilton.
|
| 264 |
|
1 |
|a Bogota ;
|a New York :
|b McGraw-Hill,
|c [1980]
|
| 264 |
|
4 |
|c ©1980
|
| 300 |
|
|
|a xxi, 425 pages :
|b illustrations ;
|c 29 cm.
|
| 336 |
|
|
|a text
|b txt
|2 rdacontent
|
| 337 |
|
|
|a unmediated
|b n
|2 rdamedia
|
| 338 |
|
|
|a volume
|b nc
|2 rdacarrier
|
| 500 |
|
|
|a "The work upon which this publication is based was performed pursuant to contract EY-76-C-03-1180 with the Energy Research and Development Administration."
|
| 504 |
|
|
|a Includes bibliographical references and index.
|
| 650 |
|
0 |
|a Electric automobiles.
|
| 999 |
|
|
|a MARS
|
| 999 |
f |
f |
|s fb2645ac-b199-38ed-8fb3-b5b16e0edaa2
|i c0a3c4c8-170c-3ed3-9e01-c83cc86d2aef
|t 0
|
| 952 |
f |
f |
|p ric
|a Texas A&M University
|b Rellis Campus
|c Joint Library Facility
|d Remote Storage
|t 0
|e TL220 .H35
|h Library of Congress classification
|i unmediated -- volume
|m A14805526074
|
| 998 |
f |
f |
|a TL220 .H35
|t 0
|l Remote Storage
|